000
00367nam a2200169Ia 4500
001
10808
008
140331s9999 xx 000 0 und d
020
_a
0-06-061121-9
040
_c
PK-LaUMT
082
_a
272.90922
_b
MAR-
100
_a
Bergman, Susan
245
_a
Martyrs
_c
Bergman, Susan
260
_c
1996
300
_a
332 p.
546
_a
EN
942
_c
BK
999
_c
11764
_d
11764